[Event "Tambov Pavlyutin Memorial 8th"]
[Site "Tambov"]
[Date "2018.05.25"]
[Round "6"]
[White "Uryupin, Igor Nikolaevich"]
[Black "Sychev, Vitaly"]
[Result "1-0"]
[WhiteElo "2263"]
[BlackElo "2002"]
[PlyCount "59"]
[EventDate "2018.05.23"]
[EventType "tourn"]
[EventRounds "9"]
[EventCountry "RUS"]
[SourceTitle "CBM 184 Extra"]
[Source "ChessBase"]
[SourceDate "2018.06.28"]
[SourceVersion "1"]
[SourceVersionDate "2018.06.28"]
[SourceQuality "1"]

1. e4 e5 2. Nf3 Nc6 3. Bc4 Bc5 4. d3 d6 5. c3 Nf6 6. 0-0 Bb6 7. a4 a6 8. Nbd2 0-0 9. Re1 Be6 10. Nf1 Bxc4 11. dxc4 Ng4 12. Re2 f5 13. exf5 Rxf5 14. h3 Nxf2 15. Rxf2 Bxf2+ 16. Kxf2 Qh4+ 17. Kg1 Qxc4 18. Ne3 Qc5 19. Qb3+ Kh8 20. Qxb7 Raf8 21. Bd2 R5f7 22. b4 Qb6 23. Qxb6 cxb6 24. Nc4 Rf6 25. Nxb6 e4 26. Nh2 Rf2 27. Rf1 Rxf1+ 28. Nxf1 Kg8 29. Ng3 Re8 30. Kf2 1-0

[Event "Tambov Region-ch"]
[Site "Tambov"]
[Date "2018.02.21"]
[Round "1"]
[White "Uryupin, Igor Nikolaevich"]
[Black "Tikhonov, Yuriy A"]
[Result "1-0"]
[WhiteElo "2264"]
[BlackElo "1718"]
[PlyCount "97"]
[EventDate "2018.02.21"]
[EventType "swiss"]
[EventRounds "9"]
[EventCountry "RUS"]
[SourceTitle "CBM 183 Extra"]
[Source "ChessBase"]
[SourceDate "2018.04.19"]
[SourceVersion "1"]
[SourceVersionDate "2018.04.19"]
[SourceQuality "1"]

1. c4 c5 2. Nf3 Nf6 3. Nc3 Nc6 4. d4 cxd4 5. Nxd4 g6 6. g3 Bg7 7. Bg2 0-0 8. 0-0 Nxd4 9. Qxd4 a6 10. c5 d6 11. cxd6 Ne8 12. Qd3 Qxd6 13. Rd1 Qxd3 14. Rxd3 Nd6 15. Nd5 Nc4 16. Nxe7+ Kh8 17. Nxc8 Raxc8 18. Rb1 Ne5 19. Rd1 Nc6 20. Bf4 Rfd8 21. Rxd8+ Rxd8 22. Kf1 Rd7 23. Bxc6 bxc6 24. Rc1 Bxb2 25. Rxc6 Rd1+ 26. Kg2 a5 27. a4 Rd8 28. Rc5 Ra8 29. Bd2 Re8 30. Kf3 Rd8 31. Bf4 Ra8 32. Bc7 Ra6 33. Rxa5 Rf6+ 34. Kg2 Rc6 35. Ra7 Rc2 36. Kf3 Kg7 37. Bb6 Rc6 38. a5 Rf6+ 39. Ke4 h5 40. h4 Re6+ 41. Kd3 Rd6+ 42. Kc4 Rd2 43. Re7 Kf6 44. Re3 Be5 45. a6 Ra2 46. a7 Rc2+ 47. Kd5 Rd2+ 48. Rd3 Ra2 49. Rf3+ 1-0

[Event "RUS Central Region-chT"]
[Site "Lipetsk"]
[Date "2017.12.03"]
[Round "1.1"]
[White "Stukalov, Alexander"]
[Black "Uryupin, Igor Nikolaevich"]
[Result "1/2-1/2"]
[WhiteElo "2228"]
[BlackElo "2248"]
[PlyCount "151"]
[EventDate "2017.12.03"]
[EventType "team-swiss"]
[EventRounds "7"]
[EventCountry "RUS"]
[SourceTitle "CBM 182 Extra"]
[Source "ChessBase"]
[SourceDate "2018.02.23"]
[SourceVersion "1"]
[SourceVersionDate "2018.02.23"]
[SourceQuality "1"]
[WhiteTeam "Vladimirsk Region"]
[BlackTeam "Tambov Region"]
[WhiteTeamCountry "RUS"]
[BlackTeamCountry "RUS"]

1. c4 c5 2. Nc3 g6 3. g3 Bg7 4. Bg2 Nc6 5. e4 e5 6. a3 Nge7 7. Nge2 d6 8. d3 0-0 9. 0-0 a6 10. Rb1 Rb8 11. b4 cxb4 12. axb4 b5 13. cxb5 axb5 14. Be3 Nd4 15. h3 Be6 16. Kh2 d5 17. Bxd4 exd4 18. Nxd5 Nxd5 19. exd5 Bxd5 20. Nf4 Bxg2 21. Kxg2 Bh6 22. Qf3 Rb6 23. Rfe1 Rf6 24. Re4 Qd6 25. Qg4 Bxf4 26. Rxf4 h5 27. Rxf6 Qxf6 28. Qf3 Qd6 29. Qe4 Rc8 30. Rb2 Kg7 31. h4 Rc7 32. Re2 Rc3 33. Qe5+ Qxe5 34. Rxe5 Rxd3 35. Rxb5 Rb3 36. Rb6 f6 37. Rb7+ Kh6 38. Rf7 Rxb4 39. Rxf6 Rb2 40. Rd6 Rd2 41. Rd7 Rd1 42. Kf3 Rd2 43. Re7 Ra2 44. Rf7 Ra8 45. Rd7 Ra4 46. Ke4 Ra1 47. Rxd4 Kg7 48. Ke5 Re1+ 49. Kf4 Re6 50. Rd7+ Kf6 51. f3 Ra6 52. Rd4 Rb6 53. Ra4 Rc6 54. g4 hxg4 55. fxg4 Rc7 56. Ra6+ Kg7 57. Re6 Rb7 58. Re5 Kh6 59. Re4 Ra7 60. Rd4 Re7 61. Rd6 Kg7 62. Rd8 Kh6 63. g5+ Kg7 64. Rd4 Kf7 65. Kg4 Kg7 66. Kf4 Kf7 67. Rd8 Kg7 68. Rd4 Kf7 69. Kg4 Kg7 70. h5 gxh5+ 71. Kxh5 Ra7 72. Rd6 Rb7 73. Rg6+ Kf7 74. Rf6+ Kg7 75. Ra6 Rc7 76. Re6 1/2-1/2

[Event "Tambov Korensky Memorial 26th"]
[Site "Tambov"]
[Date "2017.08.23"]
[Round "5"]
[White "Lukovnikov, Alexander"]
[Black "Uryupin, Igor Nikolaevich"]
[Result "1-0"]
[WhiteElo "2253"]
[BlackElo "2277"]
[PlyCount "55"]
[EventDate "2017.08.19"]
[EventType "swiss"]
[EventRounds "9"]
[EventCountry "RUS"]
[SourceTitle "CBM 180 Extra"]
[Source "ChessBase"]
[SourceDate "2017.10.06"]
[SourceVersion "1"]
[SourceVersionDate "2017.10.06"]
[SourceQuality "1"]

1. e4 c5 2. Nc3 g6 3. f4 Bg7 4. Nf3 Nc6 5. Bc4 a6 6. a4 e6 7. f5 Nge7 8. fxe6 fxe6 9. 0-0 0-0 10. d3 d5 11. Ba2 Qd6 12. Bg5 Bd7 13. exd5 Nxd5 14. Ne4 Qc7 15. c3 b6 16. Qd2 Ne5 17. Nxe5 Bxe5 18. g3 Rxf1+ 19. Rxf1 Bxa4 20. Bh6 Bg7 21. Bxg7 Qxg7 22. Ng5 Qe5 23. Re1 Qf5 24. Nxe6 Bc6 25. Qh6 Qf6 26. Nf4 c4 27. Re6 Qf5 28. Bxc4 1-0

[Event "Tambov Pavlyutin Memorial 7th"]
[Site "Tambov"]
[Date "2017.06.30"]
[Round "5"]
[White "Kutyanina, Mariya"]
[Black "Uryupin, Igor Nikolaevich"]
[Result "0-1"]
[WhiteElo "1902"]
[BlackElo "2257"]
[PlyCount "72"]
[EventDate "2017.06.28"]
[EventType "tourn"]
[EventRounds "9"]
[EventCountry "RUS"]
[SourceTitle "CBM 179 Extra"]
[Source "ChessBase"]
[SourceDate "2017.08.23"]
[SourceVersion "1"]
[SourceVersionDate "2017.08.23"]
[SourceQuality "1"]

1. e4 c5 2. Nf3 g6 3. d4 cxd4 4. Nxd4 Bg7 5. Nc3 Nc6 6. Be3 Nf6 7. Nxc6 bxc6 8. e5 Ng8 9. Bd4 c5 10. Bxc5 Qc7 11. Bd4 Bxe5 12. Nb5 Qb8 13. f4 Bxd4 14. Qxd4 Nf6 15. 0-0-0 0-0 16. Rg1 d6 17. Qc3 Bg4 18. Re1 Rc8 19. Qd4 Be6 20. Nc3 Qc7 21. Bd3 Rab8 22. h3 a5 23. g4 Rb4 24. Qe3 Rxb2 25. Kxb2 Qxc3+ 26. Kc1 Nd5 27. Qg3 Nb4 28. Kd1 Nxc2 29. Ke2 Nxe1 30. Rxe1 Bc4 31. Rd1 Rb8 32. f5 Rb2+ 33. Ke3 Rxa2 34. fxg6 hxg6 35. h4 Bxd3 36. Rxd3 Qxd3+ 0-1

[Event "Tambov Korensky Memorial 25th"]
[Site "Tambov"]
[Date "2016.08.20"]
[Round "1"]
[White "Uryupin, Igor Nikolaevich"]
[Black "Matveev, Mikhail"]
[Result "1-0"]
[WhiteElo "2301"]
[BlackElo "1985"]
[PlyCount "61"]
[EventDate "2016.08.20"]
[EventType "swiss"]
[EventRounds "9"]
[EventCountry "RUS"]
[SourceTitle "CBM 174 Extra"]
[Source "ChessBase"]
[SourceDate "2016.10.10"]
[SourceVersion "1"]
[SourceVersionDate "2016.10.10"]
[SourceQuality "1"]

1. c4 e5 2. g3 Nf6 3. Bg2 Nc6 4. Nf3 d5 5. cxd5 Nxd5 6. Nc3 Nb6 7. 0-0 Be7 8. d3 0-0 9. Be3 Be6 10. Rc1 f6 11. a3 Nd4 12. Nd2 c6 13. Nce4 f5 14. Nc5 Bxc5 15. Rxc5 Qd6 16. Rc1 Bd5 17. Nc4 Qe6 18. Bxd5 Qxd5 19. f3 Rad8 20. Kg2 f4 21. Bxd4 exd4 22. Nxb6 axb6 23. Rf2 Rde8 24. Qc2 Kh8 25. Kh1 Re6 26. Rg1 fxg3 27. Rxg3 Rfe8 28. Qd2 Re3 29. Rg4 c5 30. Re4 Qf5 31. Qxe3 1-0

[Event "Tambov Pavlyutin Memorial 6th"]
[Site "Tambov"]
[Date "2016.06.04"]
[Round "7"]
[White "Kutyanina, Mariya"]
[Black "Uryupin, Igor Nikolaevich"]
[Result "0-1"]
[WhiteElo "1741"]
[BlackElo "2285"]
[PlyCount "120"]
[EventDate "2016.06.01"]
[EventType "tourn"]
[EventRounds "9"]
[EventCountry "RUS"]
[SourceTitle "CBM 172 Extra"]
[Source "ChessBase"]
[SourceDate "2016.06.21"]
[SourceVersion "1"]
[SourceVersionDate "2016.06.21"]
[SourceQuality "1"]

1. e4 c5 2. Nf3 Nc6 3. Bb5 e6 4. 0-0 Nge7 5. Re1 a6 6. Bxc6 Nxc6 7. Nc3 Be7 8. d4 cxd4 9. Nxd4 0-0 10. Be3 Qc7 11. a3 Ne5 12. Bf4 d6 13. Bg3 b5 14. Rb1 Rb8 15. Qd2 Bd7 16. Red1 Rfd8 17. Qe2 Nc4 18. Qd3 a5 19. Nce2 g6 20. c3 e5 21. Nc2 Be6 22. Ne3 Nxe3 23. Qxe3 Qb6 24. Qxb6 Rxb6 25. f4 f6 26. Rd2 Rc8 27. Bf2 Rb7 28. Be3 Rc4 29. Ng3 b4 30. axb4 axb4 31. Rc1 Bd7 32. Rf2 Bc6 33. fxe5 dxe5 34. Re2 h5 35. cxb4 Rxc1+ 36. Bxc1 Rxb4 37. h4 Kf7 38. Kh2 Ke6 39. Kh3 Rc4 40. Bh6 Bb4 41. Bg7 Rd4 42. Rf2 Be7 43. Re2 Rd3 44. Kh2 Bb7 45. Rc2 Rb3 46. Rf2 Re3 47. Bh6 Re1 48. Bd2 Rb1 49. Bc3 Bc5 50. Rd2 Be3 51. Re2 Bf4 52. Re1 Rxe1 53. Bxe1 Bxe4 54. Kh3 Bd3 55. b3 f5 56. b4 e4 57. Nh1 Bd6 58. Nf2 Be2 59. Bd2 Bg4+ 60. Nxg4 hxg4# 0-1